000 00418nam a2200145Ia 4500
008 210210b2001 xxu||||| |||| 00| 0 eng d
082 _a510 BOSS
100 _aBOSCO (S S).
245 _aSupplement to II PUC text book: theory and problems in mathematics.
260 _aMangalore.
_bT. Egithin Bosco
_c2001
300 _a8,321,062
650 _aMaths text book supplement
690 _aMathematics
906 _a056371
999 _c103936
_d103936